00773 2200289 4500001002100000005001500021035002000036007000300056008004100059020002200100082001000122084001600132100001800148245009300166250001000259260004700269300003000316650003100346700001400377504002600391990001100417990001100428990001100439990001100450990001100461990001100472INLIS00000000000430320191023111915 a0010-1019000155ta191023 g 1 ind  a978-602-5687-29-7 a745.5 a745.5 DAR d0 aDARMA, Dwinov1 aDiy Life Hacks :b99 cara bikin hidup lebih mudah /cDarma Dwinov, penyunting, Tristanti acet.1 aYogyakarta :bTrans Idea Publishing,c2018 a115 hlm :bilus. ;c24 cm 4aDEKORASI. KERAJINAN TANGAN0 aTRISTANTI aBibliografi: 1115 hlm a7047 a a7047 b a7046 b a7047 a a7046 a a7046 b